Normal view
MARC view
- المدخل للاتصال بالجماهير في إطاره الاجتماعي-الاتصال
Entry Topical Term
001 - CONTROL NUMBER
- control field: 52854
003 - CONTROL NUMBER IDENTIFIER
- control field: JO-AjAnu
005 - DATE AND TIME OF LATEST TRANSACTION
- control field: 20230606082702.0
008 - FIXED-LENGTH DATA ELEMENTS
- fixed length control field: 230606|| aca||aabn | a|a d
040 ## - CATALOGING SOURCE
- Original cataloging agency: JO-AjAnu
- Transcribing agency: JO-AjAnu
150 ## - HEADING--TOPICAL TERM
- Topical term or geographic name entry element: المدخل للاتصال بالجماهير في إطاره الاجتماعي-الاتصال
670 ## - SOURCE DATA FOUND
- Source citation: Work cat.: (JO-AjAnu)27005: لبد،يوسف شعبان, author 52853, المدخل للاتصال بالجماهير في إطاره الاجتماعي